Responses for Show #8769 - Thursday, December 22, 2022

Ray Lalonde game 6.

Contestants

[<< previous game]

Kathy Boelter, an administrator from Sunnyvale, California

Mitch Cutter, a salmon conservation associate from Boise, Idaho

Ray Lalonde, a scenic artist from Toronto, Ontario, Canada (whose 5-day cash winnings total $132,200)

[next game >>]

Jeopardy! Round responses

TECHNOLOGY HISTORY
CHANGE THE VOWEL
(Ken: Each correct response is two words, different by one vowel.)
A BIT OF EVERYTHING
WE COME TO THIS PLACE FOR...
MAGIC
NICOLE KIDMAN SAYS
(Ken: You'll have to name the movie or show in which she speaks each of these lines.)
    $200 15
cameras

Mitch
    $200 25
King Kong

Kathy
    $200 30
Noah

Ray
    $200 29
the Library of Congress

Ray
    $200 27
an umbrella

Mitch
    $200 10
Big Little Lies

Triple Stumper
    $400 13
seeds

Ray
    $400 24
wishy-washy

Ray
    $400 26
Spain

Ray
    $400 1
Shinto

Ray
    $400 28
hocus-pocus

Kathy
    $400 9
Moulin Rouge!

Mitch
    $600 4
(Ken: That's right, Pearl Harbor.)

Oahu

Mitch
    $600 23
Kit Kat

Ray
    $600 18
Sinatra

Mitch
    $600 2
the Johnson Space Center

Mitch
    $3,000 21
David Copperfield

Ray
    $600 7
The Stepford Wives

Ray
    $800 12
(Mitch: What is a prosthetic arm?)

a bionic arm

MitchKathy
    $800 11
"Splish Splash"

Ray
    $800 16
polar bears

Mitch
    $800 3
The Comedy Store

Kathy
    $800 5
a familiar

Mitch
    $800 6
(Ken: Her Oscar-winning performance--Always [*].)

the hours

Triple Stumper
    $1000 14
a printing press

Kathy
    $1000 22
chit-chat

Ray
    $1000 17
(Mitch: Who is Princess Charlotte?)

Princess Margaret

MitchKathy
    $1000 19
(Ray: What is [*]s?)

Mammoth Cave

Ray
    $1000 20
Ricky Jay

Ray
    $1000 8
Days of Thunder

Ray

Scores at the first commercial break (after clue 15):

Ray Mitch Kathy
$3,200 $1,800 $2,600

Scores at the end of the Jeopardy! Round:

Ray Mitch Kathy
$11,000 $2,400 $4,200

Double Jeopardy! Round responses

CLIMATE
BIG BATTLES
THE BOTTOM 10
(Ken: These are songs that peaked within numbers 91 and 100 on the Billboard chart.)
ATLANTIC ISLANDS
THERE'S A BOOK IN THAT BOOK
CROSSWORD CLUES "N"
    $400 30
carbon dioxide

Mitch
    $400 10
Gettysburg

Mitch
    $400 29
David Bowie

Mitch
    $400 28
Great Britain & Argentina

Ray
    $400 24
(Lemony) Snicket

Mitch
    $400 21
nova

Kathy
    $800 17
(Mitch: What is the temperate zone?)

the tropics

RayMitch
    $800 6
the Hessians

Kathy
    $800 23
[NOTE: This was the 450,000th clue entered into the J! Archive, on 2022-12-22.]

Whitney Houston

Triple Stumper
    $800 12
the North Sea

Ray
    $800 25
1984

Ray
    $800 20
netiquette

Ray
    $1200 16
La NiƱa

Mitch
    $1200 7
World War I

Ray
    $1200 22
"You're Beautiful"

Triple Stumper
    $1200 4
the Canary Islands

Ray
    $1200 1
Stephen King

Mitch
    $1200 5
nirvana

Kathy
    $1600 11
the Coriolis effect

Mitch
    $1600 8
Peter the Great

Kathy
    $1600 26
Bon Jovi

Ray
    $1600 3
cormorant

Triple Stumper
    $3,600 2
The Man in the High Castle

Mitch
    $1600 18
nimbus

Ray
    $2000 15
old growth

Mitch
    $3,000 9
(Kathy: Sorry, don't know that one.)
(Ken: Aw, it's a shame, she was the Maid of [*]--the Battle of [*].)

Orleans

Kathy
    $2000 27
the Beastie Boys

Ray
    $2000 14
Madeira

Mitch
    $2000 13
Red Dragon

Mitch
    $2000 19
numismatist

Ray

Scores at the end of the Double Jeopardy! Round:

Ray Mitch Kathy
$24,200 $16,800 $5,200

[wagering suggestions for these scores]

Final Jeopardy! Round responses

FAMOUS NAMES
(Ken: [To Mitch] Yes, the great pseudonymous graffiti artist is right.)
...
(Ken: [To Ray] You paint on walls for a living, sir... Perhaps you are [*]. If you are, don't tell us; it's okay.)
[Laughter]
KathyWho is [some letters crossed out] Bradbury
$5,000
MitchWho is Banksy?
$1,999
RayWho is Banksy?
$9,800
Banksy

Final scores:

Ray Mitch Kathy
$34,000 $18,799 $200
6-day champion: $166,200 2nd place: $2,000 3rd place: $1,000

Game dynamics:

Coryat scores:

Ray Mitch Kathy
$21,800 $14,800 $8,200
25 R
(including 1 DD),
0 W
19 R
(including 1 DD),
3 W
10 R,
1 W
(including 1 DD)

Combined Coryat: $44,800

[game clues] [game scores] [suggest correction]

Game tape date: 2022-10-25
The J! Archive is created by fans, for fans. Scraping, republication, monetization, and malicious use prohibited; this site may use cookies and collect identifying information. See terms. The Jeopardy! game show and all elements thereof, including but not limited to copyright and trademark thereto, are the property of Jeopardy Productions, Inc. and are protected under law. This website is not affiliated with, sponsored by, or operated by Jeopardy Productions, Inc. Join the discussion at JBoard.tv.